Finale Champions Cup 2024/2025 - Statistiques

Statistiques générales
  • Ce quiz a été pris 9 fois
  • Le résultat moyen est 31 sur 48
Statistiques - réponses
Poste Joueurs Nationalité % Correct
4 Adam Coleman Tonga
100%
18 Ben Tameifuna Tonga
100%
16 Connor Sa France
100%
5 Cyril Cazeaux France
100%
14 Damian Penaud France
100%
10 Fin Smith Angleterre
100%
8 Henry Pollock Angleterre
100%
1 Jefferson Poirot France
100%
11 Louis Bielle-Biarrey France
100%
21 Marko Gazzotti France
100%
10 Matthieu Jalibert France
100%
2 Maxime Lamothe France
100%
9 Maxime Lucu France
100%
13 Nicolas Depoortère France
100%
23 Rohan Janse van Rensburg Afrique du sud
100%
15 Romain Buros France
100%
14 Tommy Freeman Angleterre
100%
Coach Yannick Bru France
100%
12 Yoram Moefana France
100%
9 Alex Mitchell Angleterre
83%
22 Arthur Retière France
83%
15 George Furbank Angleterre
83%
8 Pete Samu Australie
83%
6 Alex Coles Angleterre
67%
7 Guido Petti Argentine
67%
6 Mahamadou Diaby France
67%
19 Pierre Bochaton France
67%
17 Ugo Boniface France
67%
20 Angus Scott-Young Australie
50%
20 Bastien Vergnes-Taillefer France
50%
13 Fraser Dingwall Angleterre
50%
3 Sipili Falatea France
50%
16 Craig Wright Angleterre
33%
2 Curtis Langdon Angleterre
33%
18 Elliot Millar-Mills Écosse
33%
1 Emmanuel Iyogun Angleterre
33%
11 James Ramm Australie
33%
7 Josh Kemeny Australie
33%
23 Ollie Sleightholme Angleterre
33%
17 Tarek Haffar Angleterre
33%
4 Temo Mayanavanua Fidji
33%
12 Rory Hutchinson Écosse
17%
5 Tom Lockett Angleterre
17%
3 Trevor Davison Angleterre
17%
19 Edward Prowse Angleterre
0%
Coach Phil Dowson Angleterre
0%
21 Tom James Angleterre
0%
22 Tom Litchfield Angleterre
0%
Aucun quiz correspondant
Distribution des résultats
% des personnes avec chaque résultat
Percentile par nombre de réponses
Votre historique - résultats
Vous n’avez pas pris ce quiz